<?xml version="1.0" encoding="UTF-8"?>
<record
    xmlns:xsi="http://www.w3.org/2001/XMLSchema-instance"
    xsi:schemaLocation="http://www.loc.gov/MARC21/slim http://www.loc.gov/standards/marcxml/schema/MARC21slim.xsd"
    xmlns="http://www.loc.gov/MARC21/slim">

  <leader>00682nam a22001577a 4500</leader>
  <controlfield tag="003">OSt</controlfield>
  <controlfield tag="005">20151003092153.0</controlfield>
  <controlfield tag="008">151003b        xxu||||| |||| 00| 0 eng d</controlfield>
  <datafield tag="040" ind1=" " ind2=" ">
    <subfield code="c">RUA </subfield>
  </datafield>
  <datafield tag="082" ind1=" " ind2=" ">
    <subfield code="a">AVM RY 1996 B069 Or.1</subfield>
  </datafield>
  <datafield tag="100" ind1=" " ind2=" ">
    <subfield code="9">1837</subfield>
    <subfield code="a">RY VIPHEAVY</subfield>
  </datafield>
  <datafield tag="245" ind1=" " ind2=" ">
    <subfield code="a">Survey on haemorrhagic septicaemia of  cattle and buffaloes in rolea paear district, kampong chhnang province, (&#x1780;&#x17B6;&#x179A;&#x17A2;&#x1784;&#x17D2;&#x1780;&#x17C1;&#x178F;&#x1791;&#x17C5;&#x179B;&#x17BE;&#x1787;&#x17C6;&#x1784;&#x17BA;&#x179F;&#x17B6;&#x179A;&#x1791;&#x17B9;&#x1780;&#x1782;&#x17C4;&#x1780;&#x17D2;&#x179A;&#x1794;&#x17B8;&#x1793;&#x17C5;&#x200B; &#x1780;&#x17D2;&#x1793;&#x17BB;&#x1784;&#x179F;&#x17D2;&#x179A;&#x17BB;&#x1780;&#x179A;&#x179B;&#x17B6;&#x1794;&#x17D2;&#x17A2;&#x17C0;&#x179A; &#x1793;&#x17C3;&#x1781;&#x17C1;&#x178F;&#x17D2;&#x178F;&#x1780;&#x17C6;&#x1796;&#x1784;&#x17CB;&#x1786;&#x17D2;&#x1793;&#x17C6;&#x17B6;&#x1784;)</subfield>
  </datafield>
  <datafield tag="260" ind1=" " ind2=" ">
    <subfield code="a">phnom penh </subfield>
    <subfield code="b">RUA </subfield>
    <subfield code="c">1996</subfield>
  </datafield>
  <datafield tag="300" ind1=" " ind2=" ">
    <subfield code="a">75p.</subfield>
    <subfield code="b">ill.</subfield>
    <subfield code="c">29cm.</subfield>
  </datafield>
  <datafield tag="942" ind1=" " ind2=" ">
    <subfield code="2">ddc</subfield>
    <subfield code="c">AVM</subfield>
  </datafield>
  <datafield tag="999" ind1=" " ind2=" ">
    <subfield code="c">1734</subfield>
    <subfield code="d">1734</subfield>
  </datafield>
  <datafield tag="952" ind1=" " ind2=" ">
    <subfield code="0">0</subfield>
    <subfield code="1">0</subfield>
    <subfield code="2">ddc</subfield>
    <subfield code="4">0</subfield>
    <subfield code="6">AVM_RY_1996_000000000000000_B069_OR_1</subfield>
    <subfield code="7">0</subfield>
    <subfield code="9">7472</subfield>
    <subfield code="a">LBB</subfield>
    <subfield code="b">LBB</subfield>
    <subfield code="c">B069</subfield>
    <subfield code="d">2015-10-03</subfield>
    <subfield code="l">1</subfield>
    <subfield code="o">AVM RY 1996 B069 Or.1</subfield>
    <subfield code="p">RUA007479</subfield>
    <subfield code="r">2023-08-07</subfield>
    <subfield code="s">2023-07-17</subfield>
    <subfield code="w">2015-10-03</subfield>
    <subfield code="y">AVM</subfield>
  </datafield>
  <datafield tag="952" ind1=" " ind2=" ">
    <subfield code="0">0</subfield>
    <subfield code="1">0</subfield>
    <subfield code="2">ddc</subfield>
    <subfield code="4">0</subfield>
    <subfield code="6">AVM_TRY_1996_000000000000000_B069_OR_2</subfield>
    <subfield code="7">0</subfield>
    <subfield code="9">7473</subfield>
    <subfield code="a">LBB</subfield>
    <subfield code="b">LBB</subfield>
    <subfield code="c">B069</subfield>
    <subfield code="d">2015-10-03</subfield>
    <subfield code="l">2</subfield>
    <subfield code="m">2</subfield>
    <subfield code="o">AVM TRY 1996 B069 Or.2</subfield>
    <subfield code="p">RUA017464</subfield>
    <subfield code="r">2016-09-23</subfield>
    <subfield code="s">2016-09-06</subfield>
    <subfield code="w">2015-10-03</subfield>
    <subfield code="y">AVM</subfield>
  </datafield>
</record>
